Indiens célèbres par images - Statistiques

Statistiques générales
  • Ce quiz a été pris 109 fois
  • Le résultat moyen est 3 sur 12
Statistiques - réponses
Par images Réponse % Correct
Gandhi
100%
Mère Teresa
49%
Narendra Modi
40%
Priyanka Chopra
24%
Jawaharlal Nehru
21%
Irfan Khan
15%
Sridevi
9%
Srinivasa Ramanujan
3%
Osho
2%
Ashoka
1%
Freida Pinto
1%
Pandit Jasraj
0%
Aucun quiz correspondant
Distribution des résultats
% des personnes avec chaque résultat
Percentile par nombre de réponses
Votre historique - résultats
Vous n’avez pas pris ce quiz